| 000 -CABECERA |
| Longitud fija campo de control |
01986aam a2200469 i 4500 |
| 001 - NÚMERO DE CONTROL |
| Número de control |
.b7283691x |
| 003 - IDENTIFICADOR DEL NÚMERO DE CONTROL |
| Identificador del número de control |
OSt |
| 005 - FECHA Y HORA DE LA ÚLTIMA TRANSACCIÓN |
| Fecha y hora de la última transacción |
20211222124436.0 |
| 008 - CÓDIGOS DE INFORMACIÓN DE LONGITUD FIJA |
| Códigos de información de longitud fija |
190515e201809 spca||| |||| 0|0 0 spa|c |
| 015 ## - NÚMERO DE BIBLIOGRAFÍA NACIONAL |
| Número de bibliografía nacional |
LL2020 |
| Fuente |
bnc |
| 017 ## - NÚMERO DE COPYRIGHT O DE DEPÓSITO LEGAL |
| Número de copyright o de depósito legal |
DL L 885-2018 |
| Agencia que asigna el número |
Biblioteca de Catalunya |
| 020 ## - NÚMERO INTERNACIONAL NORMALIZADO PARA LIBROS |
| Número Internacional Normalizado para Libros (ISBN) |
9788413030135 |
| 035 ## - NÚMERO DE CONTROL DEL SISTEMA |
| Número de control del sistema |
(OCoLC)1107682299 |
| 040 ## - FUENTE DE LA CATALOGACIÓN |
| Centro catalogador de origen |
ES-BaUB |
| Lengua de catalogación |
cat |
| Normas de descripción |
rda |
| Centro transcriptor |
CDMR |
| 041 1# - CÓDIGO DE LENGUA |
| Código de lengua del texto/banda sonora o título independiente |
cat |
| Código de lengua original |
spa |
| 043 ## - CÓDIGO DE ÁREA GEOGRÁFICA |
| Código de área geográfica |
e-sp--- |
| 080 ## - NÚMERO DE LA CLASIFICACIÓN DECIMAL UNIVERSAL |
| Número de la Clasificación Decimal Universal |
342.727 |
| Subdivisión auxiliar común |
(460) |
| Identificador de la edición |
2004 |
| 080 ## - NÚMERO DE LA CLASIFICACIÓN DECIMAL UNIVERSAL |
| Número de la Clasificación Decimal Universal |
32 |
| Subdivisión auxiliar común |
-051 |
| -- |
(460) |
| -- |
(047.53) |
| Identificador de la edición |
2004 |
| 080 ## - NÚMERO DE LA CLASIFICACIÓN DECIMAL UNIVERSAL |
| Número de la Clasificación Decimal Universal |
7.071 |
| Subdivisión auxiliar común |
(460) |
| -- |
(047.53) |
| Identificador de la edición |
2004 |
| 100 1# - PUNTO DE ACCESO PRINCIPAL-NOMBRE DE PERSONA |
| Nombre de persona |
Talegón, Beatriz, |
| 245 10 - MENCIÓN DE TÍTULO |
| Título |
Llibertat d'excepció : |
| Resto del título |
vuit veus perseguides que no han aconseguit silenciar / |
| Mención de responsabilidad, etc. |
Beatriz Talegón Ramos ; [entrevistes a] Carles Puigdemont, Meritxell Serret, Mireia Boya, Valtònyc, César Strawberry, Pablo Hasél, Abel Azcona, Jordi Cuixart ; salutació: Quim Torra ; pròleg: Antonio Baños ; epíleg: Jonathan Martínez |
| 264 #1 - PRODUCCIÓN, PUBLICACIÓN , DISTRIBUCIÓN, FABRICACIÓN Y COPYRIGHT |
| Lugar de producción, publicación, distribución, fabricación |
Lleida : |
| Nombre del productor, editor, distribuidor, fabricante |
Pagès Editors, |
| Fecha de de producción, publicación, distribución, fabricación o copyright |
2018 |
| 300 ## - DESCRIPCIÓN FÍSICA |
| Extensión |
90 pàgines : |
| Otras características físicas |
il·lustracions ; |
| Dimensiones |
21 cm |
| 490 1# - MENCIÓN DE SERIE |
| Mención de serie |
La guspira ; |
| Designación de volumen o secuencia |
3 |
| 546 ## - NOTA DE LENGUA |
| Nota de lengua |
Traducció de: Libertad de excepción |
| 650 #7 - PUNTO DE ACCESO ADICIONAL DE MATERIA - TÉRMINO DE MATERIA |
| Término de materia o nombre geográfico como elemento inicial |
Llibertat d'expressió |
| Subdivisión geográfica |
Espanya |
| Fuente del encabezamiento o término |
lemac |
| 650 #7 - PUNTO DE ACCESO ADICIONAL DE MATERIA - TÉRMINO DE MATERIA |
| Término de materia o nombre geográfico como elemento inicial |
Polítics |
| Subdivisión geográfica |
Catalunya |
| Subdivisión de forma |
Intervius |
| Fuente del encabezamiento o término |
lemac |
| 650 #7 - PUNTO DE ACCESO ADICIONAL DE MATERIA - TÉRMINO DE MATERIA |
| Término de materia o nombre geográfico como elemento inicial |
Artistes |
| Subdivisión geográfica |
Catalunya |
| Subdivisión de forma |
Intervius |
| Fuente del encabezamiento o término |
lemac |
| 655 #9 - TÉRMINO DE INDIZACIÓN - GÉNERO/FORMA |
| Datos o término principal de género/forma |
Entrevistes |
| Fuente del término |
thub |
| 700 1# - PUNTO DE ACCESO ADICIONAL - NOMBRE DE PERSONA |
| Nombre de persona |
Puigdemont, Carles, |
| Fechas asociadas al nombre |
1962- |
| Término indicativo de función |
entrevistat (expressió) |
| 700 1# - PUNTO DE ACCESO ADICIONAL - NOMBRE DE PERSONA |
| Nombre de persona |
Serret i Aleu, Meritxell, |
| Término indicativo de función |
entrevistat (expressió) |
| 700 1# - PUNTO DE ACCESO ADICIONAL - NOMBRE DE PERSONA |
| Nombre de persona |
Boya Busquet, Mireia, |
| Término indicativo de función |
entrevistat (expressió) |
| 700 0# - PUNTO DE ACCESO ADICIONAL - NOMBRE DE PERSONA |
| Nombre de persona |
Valtònyc, |
| Término indicativo de función |
entrevistat (expressió) |
| 700 1# - PUNTO DE ACCESO ADICIONAL - NOMBRE DE PERSONA |
| Nombre de persona |
Strawberry, César, |
| Término indicativo de función |
entrevistat (expressió) |
| 700 1# - PUNTO DE ACCESO ADICIONAL - NOMBRE DE PERSONA |
| Nombre de persona |
Hasél, Pablo, |
| Fechas asociadas al nombre |
1988- |
| Término indicativo de función |
entrevistat (expressió) |
| 700 1# - PUNTO DE ACCESO ADICIONAL - NOMBRE DE PERSONA |
| Nombre de persona |
Azcona, Abel, |
| Fechas asociadas al nombre |
1988- |
| Término indicativo de función |
entrevistat (expressió) |
| 700 1# - PUNTO DE ACCESO ADICIONAL - NOMBRE DE PERSONA |
| Nombre de persona |
Cuixart, Jordi, |
| Fechas asociadas al nombre |
1975- |
| Término indicativo de función |
entrevistat (expressió) |
| 830 #0 - PUNTO DE ACCESO ADICIONAL DE SERIE - TÍTULO UNIFORME |
| Título uniforme |
Guspira (Pagès Editors) ; |
| Designación de volumen o secuencia |
3 |
| 907 ## - ELEMENTO G DATOS LOCALES, GDL (RLIN) |
| a |
.b7283691x |
| b |
18-02-21 |
| c |
15-05-19 |
| d |
25-11-20 |
| e |
m |
| f |
a |
| g |
- |
| h |
cat |
| i |
spc |
| j |
0 |
| k |
1 |
| 940 ## - |
| T&íacute;tulo uniforme |
<a href="BC">BC</a> |
| 942 ## - ENTRADA DE ELEMENTOS AGREGADOS (KOHA) |
| Fuente de clasificaión o esquema |
|
| Koha [por defecto] tipo de item |
Monografies |